| 000 | 00523nam a2200145Ia 4500 | ||
|---|---|---|---|
| 008 | 191108s9999 xx 000 0 und d | ||
| 020 | _a9.7809581605e+012 | ||
| 100 | _aIland, Patrick | ||
| 245 |
_cPatrick Iland, Peter Gago, Richard Humphrys.-- _aAustralian wine: _bStyle and tastes / |
||
| 260 |
_aAdelaide : _bPatrick Iland Wine Promotions _c2002 |
||
| 300 |
_a202 pages: _bcolored illustrations _c28.5 cm. |
||
| 500 | _aIncludes index. | ||
| 650 | _aWine and wine making | ||
| 650 | _aWine and wine making -- Australia. | ||
| 999 |
_c362544 _d362544 |
||